Problémy mikroekonomiky majú sociálny dosah najnižšia zamestnanosť bola minulý rok v poľnohospodárstve, najviac ľudí pracovalo v priemysle
Správa o sociálnej situácii obyvateľov Slovenska v roku 1998. Spomalenie dynamiky hospodárskeho rastu v dôsledku neriešenia mikroekonomických problémov. Vývoj sociálnej sféry v roku 1998: životná úroveň obyvateľstva, zamestnanosť, vývoj miezd, nezamestnanosť, vývoj spotrebiteľských cien a sociálna s...
Gespeichert in:
| 1. Verfasser: | |
|---|---|
| Format: | Buchkapitel |
| Sprache: | Slowakisch |
| Schlagworte: | |
| Tags: |
Keine Tags, Fügen Sie das erste Tag hinzu!
|
MARC
| LEADER | 00000naa a2200000 4500 | ||
|---|---|---|---|
| 001 | r035112 | ||
| 005 | 20230824101243.8 | ||
| 041 | 0 | |a slo | |
| 044 | |a SK | ||
| 245 | 1 | 0 | |a Problémy mikroekonomiky majú sociálny dosah |b najnižšia zamestnanosť bola minulý rok v poľnohospodárstve, najviac ľudí pracovalo v priemysle |c Erika Kremská |
| 520 | |a Správa o sociálnej situácii obyvateľov Slovenska v roku 1998. Spomalenie dynamiky hospodárskeho rastu v dôsledku neriešenia mikroekonomických problémov. Vývoj sociálnej sféry v roku 1998: životná úroveň obyvateľstva, zamestnanosť, vývoj miezd, nezamestnanosť, vývoj spotrebiteľských cien a sociálna situácia domácností. | ||
| 610 | 2 | 0 | |a mikroekonomika |
| 610 | 2 | 0 | |a situácia sociálna |
| 610 | 2 | 0 | |a obyvateľstvo |
| 610 | 2 | 0 | |a rast hospodársky |
| 610 | 2 | 0 | |a úroveň životná |
| 610 | 2 | 0 | |a zamestnanosť |
| 610 | 2 | 0 | |a nezamestnanosť |
| 610 | 2 | 0 | |a vývoj mzdový |
| 610 | 2 | 0 | |a vývoj sociálny |
| 610 | 2 | 0 | |a ceny spotrebiteľské |
| 610 | 2 | 0 | |a domácnosti |
| 610 | 2 | 0 | |a výdavky obyvateľstva |
| 610 | 2 | 0 | |a Slovensko |
| 610 | 2 | 0 | |a 1998 |
| 100 | 1 | |a Kremská, Erika | |